JetPunk Quiz - Statistics

General Stats
  • This quiz has been taken 11 times
    10 since last reset
  • The average score is 11 of 16
Answer Stats
Questions Answers % Correct
What level do you need to be to comment? 15
89%
How many badges are there? 29
89%
What level do you need to be to add a blog? 30
89%
Who made the most popular quiz? Quizmaster
89%
How many languages can you play JetPunk on? 9
78%
Full name of most popular quiz on JetPunk? Countries of the World | Countries of World
78%
What is one of the languages you can play JetPunk in besides English? (Type language in English) (Only counting main languages_ French | Italian | German | Polish | Dutch | Finnish | Portuguese | Spanish
78%
Can you play minigames on JetPunk? Yes
78%
Can you preview your own quiz before submitting it? Yes
78%
What is the shortest time limit you can put on your quizzes in JetPunk? 15 | 0:15 | 00:15
67%
When was JetPunk made? (about) 2008
67%
How many quizzes can you make per day in JetPunk before the update? 3
67%
What badge has 198 quizzes you have to do? Country Trivia
44%
Who is the number 1 JetPunk player? relessness
33%
What badge include the super smash bro's character quiz? Video Game
33%
What badge is it that has a quiz of roman numerals you have to do? Math Wizard
22%
No matching quizzes found
Score Distribution
Percent of People with Each Score
Percentile by Number Answered
Your Score History
You have not taken this quiz since the last reset